01312nam a22003251a 4500999001700000001001000017003000900027005001700036008004100053020002500094040003500119082002000154245007500174246009100249264005200340300002400392336002600416337002800442338002700470490002500497500002200522650007200544650006100616650005900677650005500736653002500791655002400816942001200840952013400852 c29397d29368016195488EG-ScBUE20210829100724.0121012s2013 enk f 000 0 eng d a9781107615502 (pbk.) aStDuBDSbengerdacStDuBDSdUk04a428.24bCAM22200aCambridge IELTS 9 :bauthentic examination papers from Cambridge ESOL.34aCambridge IELTS 9 :bauthentic examination papers from Cambridge ESOL. : with answers. 1aCambridge :bCambridge University Press,c2013. a176 pages ;c25 cm. atext2rdacontentbtxt aunmediated2rdamediabn avolume2rdacarrierbnc0 aIELTS practice tests aFormerly CIP.5Uk 7aInternational English Language Testing SystemvStudy guides.2BUEsh 7aEnglish languagevTextbooks for foreign speakers.2BUEsh 7aEnglish languagevExaminations, questions, etc.2BUEsh 7aEnglish languagevProblems, exercises, etc.2BUEsh bHHUUEENNcAugust2021 vReading book934232 2ddccBB 00102ddc40708Donation-GaMAINbMAINc2NDd2021-08-29eDonationl0o428.24 CAMp000050627r2025-07-15 00:00:00w2021-08-29yBB